[Event "SuperConstellation_Turbostar432KSO"]
[Site "?"]
[Date "2019.05.11"]
[Round "11"]
[White "Super Constellation"]
[Black "Turbostar 432 KSO"]
[Result "1-0"]
[WhiteElo "1819"]
[BlackElo "1807"]
[Annotator "Utzinger,K"]
[PlyCount "73"]
[EventDate "2019.??.??"]

1. e4 c6 {Match 120'/40 | 11. Partie | ECO B19: Caro-Kann Verteidigung 
(Hauptvariante) | Weiss gewinnt | Zwischenstand nach 11 Partien: 6,0 : 5,0 (+4
-3 =4) für den Super Constellation | Die gegenseitigen Rochaden führen auch
in dieser Partie zu einem dynamischen Kampf. Als der Super Constellation am
schon geschwächten Damenflügel lang rochiert, bietet er dem Gegner
freiwillig eine Angriffsmarke zur Öffnung der Stellung und die Schlacht
hätte einen einseitigen Verlauf nehmen können. Der Turbostar 432 KSO
begnügt sich indessen mit kleineren Brötchen und verpasst aus unerfindlichen
Gründen einen offensichtlichen Bauerngewinn. Bei noch immer besserer Stellung
für den Gegner startet der Super Constellation einen Angriff am
Königsflügel und prompt reagiert der Turbostar 432 KSO falsch und wird im Nu
überrannt. Eine völlig unnötige Niederlage des Kaplan-Programmes infolge
mangelnder Königssicherheit.} 2. d4 d5 3. Nc3 dxe4 4. Nxe4 Bf5 5. Ng3 Bg6 6.
h4 h6 7. Nf3 Nd7 8. h5 Bh7 9. Bd3 Bxd3 10. Qxd3 Qc7 11. Bd2 e6 12. Qe2 Ngf6 13.
c4 Bd6 14. Nf5 {***ENDE BUCH***} O-O 15. Nxd6 Qxd6 {***ENDE BUCH***} 16. b4 {
?! Fragwürdig, denn wo soll nun der weisse König rochieren.} (16. Bc3 b5 17.
cxb5 cxb5 18. Qxb5 Nd5 19. Ne5 Nxe5 20. dxe5 Nxc3 21. bxc3 Qc7 22. Rh3 Rfd8 23.
Qe2 Rd5 24. Re3 Rxe5 25. Kf1 Rxe3 26. Qxe3 Rd8 27. Kg1 Rd5 28. Qf3 Rf5 29. Qa8+
Kh7 30. Qe4 Qxc3 31. Rd1 Qc5 32. Rd4 Qc1+ 33. Kh2 Qg5 34. Kg1 Qxh5 35. Rd7 a5
36. f3 Qg6 37. Kf2 Rg5 {0-1 (37) Beliavsky,A (2555)-Bagirov,V (2480) Baku 1977}
) 16... b6 17. O-O-O {?! Rochade ins Unglück ... wenn der Gegner richtig
spielt.} a5 {Nur die zweit- oder drittbeste Wahl} (17... b5 18. c5 (18. cxb5
cxb5 19. Qxb5 a5 {-+}) 18... Qd5 19. Bc3 Ne4 20. Be1 a5 21. bxa5 b4 22. Bxb4
Nxf2 23. Qxf2 Qc4+ 24. Qc2 Qxb4 25. Rhe1 Qxa5 {-/+ deutlicher Vorteil für
Schwarz}) 18. a3 {?! besser 18.bxa5} Qe7 {?! Wenn schon ein Damenzug, dann
nach c7, um sich einer mögliche Fesslung auf der Diagonale a3-f8 durch einmal
Lb4 zu entziehen. Kritisch für Weiss hingegen waren die Fortsetzungen ...Tfd8
und/oder ...Tfc8.} 19. Ne5 (19. Kb2 {was das Entgegenstellen der weissen
Türme auf der a-Linie erlaubt, verdient den Vorzug}) 19... axb4 20. Bxb4 c5 {
Gewinnt einen Bauern bzw. hätte einen Bauern erobern sollen.} 21. dxc5 Nxc5 {
? Weshalb hier der Turbostar 432 KSO auf den Bauerngewinn verzichtet, dürfte
wohl nicht einmal der Programmierer Julio Kaplan verstehen.} (21... bxc5 22.
Nxd7 Nxd7 23. Bc3 Rxa3 {-/+ und Schwarz steht deutlich besser}) 22. g4 {
Nun schreitet der noch immer geringfügig schlechter stehende Super
Constellation zum Angriff und hat damit überraschenderweise rasch Erfolg.} Qc7
{Auch jetzt sieht man die Nachteile des unglücklichen 18...De7: die Dame geht
aus der Fesslung des Lb4, die gar nie entstanden wäre.} 23. g5 hxg5 24. h6
gxh6 {? Richtig war 24...g6, denn nun wird es um den schwarzen König
gefährlich.} 25. Rxh6 Nfe4 {? Viel zu rasch gespielt und eine Bestätigung
dafür, dass der Turbostar 432 KSO noch absolut ahnungslos ist.} (25... Kg7 26.
f4 Kxh6 27. fxg5+ Kg7 28. gxf6+ Kxf6 29. Qh2 Qxe5 30. Rf1+ Kg6 31. Rg1+ Qg5+
32. Rxg5+ Kxg5 33. Bd2+ Kg4 {und ein weisser Gewinn würde eine technische
Meisterleistung voraussetzen}) 26. f4 {! +- Der Novag Super Constellation in
seinem Element. Schwarz ist unrettbar verloren. BTW: Auch 26.Lxc5 gewinnt.}
Rfd8 {Noch immer relativ schnell geantwortet.} (26... Kg7 27. Qh2 Rh8 28. Rh1 {
und aus}) (26... Rad8 27. Rxd8 Rxd8 28. Qh5 Kf8 29. Rh8+ Ke7 30. Qxf7+ Kd6 31.
Rxd8+ Qxd8 32. Qb7 Qe8 33. Nf7+ Qxf7 34. Qxf7 {+-}) 27. Rdh1 {Das richtig
böse Erwachsen kommt für den Turbostar 432 KSO offenbar erst hier, was sich
an seiner verzweifelten Suche nach einem Ausweg durch hohen Zeitverbrauch
zeigt.} (27. Rxd8+ Rxd8 28. Qh5 {gewinnt noch schneller}) 27... gxf4 {Der
Super Constellation hatte 27...Sg3 erwartet.} (27... Ng3 28. Qg4 Ne2+ 29. Kb2
Rd2+ 30. Bxd2 Kf8 31. Qxg5 Qxe5+ 32. fxe5 Ke8 33. Rh8+ Kd7 34. Rxa8 Nd3+ 35.
Ka1 Nxe5 36. Qd8+ Kc6 37. Qc8+ Kd6 38. Bb4#) 28. Rh8+ Kg7 29. Qg4+ Kf6 {
Erzwungen, aber Schwarz nimmt sich dafür mehr als 10 Min. Bedenkzeit.} (29...
Ng5 30. Qxg5#) 30. Qxf4+ {à tempo gespielt} Ke7 31. Qxf7+ Kd6 32. Rd1+ Kxe5
33. Rh5+ {Mattansage in 4 Zügen} Ng5 34. Rxg5+ Ke4 35. Rg4+ Ke3 36. Re1+ Kd3
37. Qf3# 1-0

[Event "SuperConstellation_Turbostar432KSO"]
[Site "?"]
[Date "2019.05.12"]
[Round "12"]
[White "Turbostar 432 KSO"]
[Black "Super Constellation"]
[Result "1/2-1/2"]
[WhiteElo "1807"]
[BlackElo "1819"]
[Annotator "Utzinger,K"]
[PlyCount "228"]
[EventDate "2019.??.??"]

1. d4 Nf6 {Match 120'/40 | 12. Partie | ECO A76: Benoni (Hauptsystem) | Remis
| Zwischenstand nach 12 Partien: 6,5 : 5,5 (+4 -3 =5) für den Super
Constellation | Schade bis schrecklich. Der SciSys Turbostar 432 KSO hatte
unzählige Chancen zu gewinnen, kann aber schliesslich gar das Turm-Endspiel
mit einem Plus von Läufer+Randbauer nicht gewinnen.} 2. c4 e6 3. Nc3 c5 4. d5
exd5 5. cxd5 d6 6. e4 g6 7. Nf3 Bg7 8. Be2 O-O 9. O-O Re8 {***ENDE BUCH***} 10.
Qc2 {***ENDE BUCH***} Nbd7 11. Bg5 h6 12. Bxf6 {?! Wie üblich ist der
Turbostar 432 KSO kein Anhänger des Läuferpaars und der Abtausch seiner
Läufer gegen Springer ist ein eingeimpfter Vorgang, unabhängig davon, ob gut
oder schlecht.} Nxf6 13. Nd2 b6 (13... a6 {ist natürlich systemgerechter}) 14.
Rab1 {?!} a6 15. b4 {?! Konsequente Fortsetzung des mit 14.Tab1 eigentlich
falschen Plans. Weiss spielt positionswidrig am Damenflügel, statt am
Königsflügel die Initiative zu suchen.} cxb4 16. Rxb4 Bb7 17. Nc4 b5 18. a4
Nxd5 19. Nxd5 Bxd5 20. exd5 bxc4 21. Bxc4 Qd7 22. Qb3 Re7 23. Rb1 Qa7 {Das
Spiel befindet sich in etwa im Gleichgewicht.} 24. Rb6 Rae8 25. Rxd6 {?! Ein
zweifelhafter Bauerngewinn.} (25. Rxa6 {?? wär ein schrecklicher Fehler} Re1+
26. Rxe1 Rxe1+ 27. Bf1 Qxa6 {und der weisse Turm ist futsch}) 25... a5 {
Die bessere Wahl ist} (25... Re1+ 26. Bf1 Bd4 27. Rc6 Bxf2+ 28. Kh1 Bc5 {
=+ mit schwarzem Vorteil}) 26. Qb6 {?! besser} (26. g3 Qd4 27. Qd3 {+/-}) 26...
Qa8 {?! Verpass eine remisträchtige Variante} (26... Qxb6 27. Rdxb6 Re1+ 28.
Bf1 Rxb1 29. Rxb1 Bf8 30. Rb5 Bb4 31. g3 Re1 32. Kg2 Rd1 {und der weisse
Mehrbauer ist der ungleichfarbigen Läufer wegen nicht viel wert}) 27. Qa6 {
? Stellt die Dame auf ein dummes Feld und vergibt jeglichen Vorteil.} (27. Bb5
Rb8 28. Qc5 Bf8 29. Qc4 Re1+ 30. Rxe1 Bxd6 31. g3 {und Schwarz muss ums Remis
kämpfen}) 27... Qxa6 {?! falsch} (27... Re1+ 28. Rxe1 Rxe1+ 29. Bf1 Qe8 30.
Qc4 Rd1 {= und die aktiven schwarzen Figuren sichern den Ausgleich}) 28. Rxa6
Bc3 {?! es gibt Besseres} (28... Re1+ 29. Rxe1 Rxe1+ 30. Bf1 Bc3 {+=}) 29. g3
Rd8 (29... Re1+ 30. Rxe1 Rxe1+ 31. Kg2 Rd1 32. d6 Bb4 33. d7 Rxd7 34. Rxg6+ Kh7
35. Rc6 Kg7 {und ein Sieg für Weiss steht noch, falls überhaupt möglich, in
den Sternen}) 30. Kg2 Red7 {?!} (30... Bb4) 31. Kf3 Bb4 32. Ke4 Kg7 33. Rc6 Kf8
34. f4 Ke7 $2 {? Schwarz hätte den folgenden Zug mit ...Te7+ verhindern
sollen.} 35. f5 Bd6 {?! weniger gut als der Bauerntausch} (35... gxf5+ 36. Kxf5
Rd6) 36. fxg6 fxg6 37. Ra6 Rc7 38. Bd3 {Genauer ging der König nach d3} Rf8
39. Re1 {? Was soll das?} (39. Rxa5 {erobert einen zweiten Bauern und lässt
dem Gegner kaum noch Chancen auf ein Remis}) 39... Rf6 40. Re2 Kf7 41. Bb5 Re7+
42. Kd3 Rf3+ (42... Rxe2 {ist stärker} 43. Kxe2 Bb4 44. Ra7+ Kf8) 43. Kd4 Rxe2
44. Bxe2 Rf2 45. Bd3 (45. Rxd6 Rxe2 46. Ra6 Rxh2 47. Kc5 {und der starke
weisse Freibauer sowie die aktiven weissen Figuren dürften den Gewinn in
diesem Turmendspiel bringen}) 45... Ke7 46. h3 Bxg3 (46... Rh2 {mit
exzellenten Remis-Chancen} 47. Rxa5 Rxh3 48. Ra7+ Kf6 49. Ra6 Ke7 50. Bxg6 Rxg3
) 47. Rxg6 Bf4 {Mehr Widerstand leistet 47...Ld6 usw.} 48. Re6+ Kd7 49. Bb5+
Kc8 50. d6 {+- Gewinnstellung für Weiss} Kb7 51. Re7+ Kb6 52. d7 Kc7 53. Re8
Bg5 54. Rc8+ Kb7 55. d8=Q Bxd8 56. Rxd8 Rd2+ 57. Bd3 Ra2 58. Rd7+ Kc8 59. Rh7
Rxa4+ 60. Bc4 Rb4 61. Kc5 Kd8 62. Rxh6 Ke7 63. Re6+ Kf8 64. Ra6 Ke7 65. Rxa5
Rb1 {Was nun in der Folge abläuft bzw. wie schwer sich der Turbostar 432 KSO
tut, dieses Endspiel noch (oder nicht) zu gewinnen, erinnert uns daran, dass
unsere damaligen Lieblinge es einfach noch nicht besser konnten/wussten.} 66.
Ra7+ ({Ein makelloser Gewinnweg sieht wie folgt aus} 66. Ra6 Re1 67. Kd4 Rg1
68. Bd3 Rg3 69. Bf5 Rf3 70. Ke4 Rc3 71. Kf4 Rc1 72. h4 Rh1 73. Kg5 Rg1+ 74. Bg4
Rc1 75. h5 Rc5+ 76. Bf5 Rc1 77. h6 Rg1+ 78. Bg4 Rh1 79. Ra7+ Kd6 80. h7 Kc5 81.
Bh5) 66... Kf6 67. Rf7+ Ke5 68. Rf5+ {?? Eine Katastrophe in dieser leicht
gewonnenen Stellung. Auch der Super Constellation hat diesen Zug erwartet.
Ganz offensichtlich wissen beide Programme nicht, dass Weiss mit dem Randbauer
den falschen Läufer hat und nach beidseitigem Turmtausch das Endspiel nicht
gewinnen könnte.} Ke4 {?? Verständlich, dass der Super Constellation unter
den geschilderten Umständen den Turm nicht nimmt und deshalb verliert.} (68...
Kxf5 69. Bd3+ Kf6 70. Bxb1 Kg7 71. Kd6 Kh8 72. Ke6 Kg7 73. h4 Kh8 74. Kf6 Kg8
75. h5 Kh8 76. h6 Kg8 {= Remis, denn Weiss kann keine Fortschritte machen}) 69.
Rg5 Kf4 70. Rg4+ Ke5 71. Rg7 Rh1 72. Re7+ Kf4 73. Rf7+ Ke5 74. Rh7 Rh2 75. Bd3
{# 31 gemäss den 6-Steiner EGTB} Rd2 {!} 76. Be2 {? # 34 verzögert das Matt}
Rc2+ 77. Kb4 {# 33} Kf4 78. Bd3 {? # 34} Rd2 79. Kc3 {# 31} Rh2 80. Kd4 {! # 28
} Kg3 {?!} 81. Bf5 {? # 29 Der Super Constellation hatte das bessere Tg7 #25
im Köcher.} Kf4 82. Bg4 {# 33 Der Turbostar 432 KSO ist wieder gleichweit vom
Matt entfernt wie nach seinem 77. Zug.} Rd2+ 83. Kc5 {# 33} Ke5 84. Rc7 {
?? Dies könnte die Partie durch den möglichen Turmtausch zum Remis vergeigen.
Der Super Constellation hätte mit 84.h4 Fortschritte gemacht.} Rc2+ {Noch
macht es Schwarz richtig.} 85. Kb6 Rh2 {? Nun versagt Schwarz wieder, weil das
Programm nicht weiss, dass der Turmtausch zum Remis führt.} 86. Ra7 {# 34} Kf6
87. Kb7 {# 34} Rc2 88. Kb8 {# 36} Kg5 89. Be6 {# 37} Kf6 90. Bd5 {# 38 Der
Turbostar 432 KSO entfernt sich dauernd weiter vom Matt.} Rd2 91. Rf7+ {
? Nun sollte es wieder Remis werden.} Kg6 92. Rd7 Kh6 93. Be6 Re2 {?} (93...
Rxd7 94. Bxd7 Kg7 {Remis}) 94. Bf7 {# 38} Kg5 95. Bd5 {# 40} Kh6 96. Kc7 {# 33}
Kg5 97. Rg7+ {# 34} Kf6 98. Rg2 {? Immer wieder derselbe, aber erklärbare
Fehler, denn nach Turmtausch wäre es totremis.} Re7+ {? Und wie gewöhnlich
erkennt der Super Constellation die Gunst der Stunde nicht.} 99. Kd6 {# 33} Rh7
100. Be6 {# 32} Rh8 101. Rg8 {? Weshalb dies ein Fehler ist, sollte nun
jedermann klar sein.} Rh6 {? Und weshalb der Turmtausch richtig war, ist nun
bekannt.} 102. Rd8 {# 30} Rh4 103. Bg4 {# 31} Rh7 104. Rd7 Rh8 (104... Rxd7+ {
Remis}) 105. Be6 {# 32} Rh6 106. Rf7+ {# 26} Kg6 107. Rb7 {# 28} Kf6 108. Ra7 {
# 30} Rh8 109. Rf7+ Kg6 110. Rb7 {# 30} Kf6 111. Ra7 {# 33} Rd8+ 112. Rd7 Rh8
113. Re7 {# 32} Rb8 114. Rf7+ {# 31} Kg5 {Der Super Constellation reklamiert
Remis durch die 50-Züge-Regel, während der Turbostar 432 KSO das nicht tut,
sich der Regel indessen auch bewusst ist und sofort 115.h4 zieht. Das
Novag-Programm hat Recht mit seiner Ansage.} 1/2-1/2

[Event "SuperConstellation_Turbostar432KSO"]
[Site "?"]
[Date "2019.05.13"]
[Round "13"]
[White "Super Constellation"]
[Black "Turbostar 432 KSO"]
[Result "1-0"]
[WhiteElo "1819"]
[BlackElo "1807"]
[Annotator "Utzinger,K"]
[PlyCount "93"]
[EventDate "2019.??.??"]

1. e4 c5 {Match 120'/40 | 13. Partie | ECO B92: Sizilianisch (Najdorf Variante
mit 6.Le2) | Zwischenstand nach 13 Partien: 7,5 : 5,5 (+5 -3 =5) für den
Super Constellation | Ein nicht den Erfordernissen der Stellung erfolgter
Aufbau des Turbostar 432 KSO und vor allem vier Damenzüge hintereinander vom
12. bis 15. Zug sowie ein nutzloser Königszug besiegeln das Schicksal von
Schwarz. Die Rettung der gefährdeten Dame hat Materialverlust zur Folge.
Bereits nach 20 Zügen hat deshalb der Super Constellation einen Springer +
Bauern mehr. In der Folge lässt das Programm von Dave Kittinger nichts mehr
anbrennen.} 2. Nf3 d6 3. d4 cxd4 4. Nxd4 Nf6 5. Nc3 a6 {***ENDE BUCH***} 6. Be2
{***ENDE BUCH***} Bd7 7. O-O b5 {?! verfrüht} 8. f4 {Hier hätte 8.a4! +/-
die schwarze Strategie in Frage gestellt.} e5 {?! Ebenso wenig das Gelbe vom
Ei.} 9. Nf3 {Ein scharfer Widerlegungsversuch bestand in 9.Sf5} Nc6 10. a3 {
?! Nach 10.Sd5 +/- stünde Weiss deutlich besser.} Be7 11. Kh1 O-O {Der weisse
Vorteil ist auf ein Minimum geschmolzen.} 12. f5 Qb6 {Da der Punkt d5
geschwächt ist, bot sich ...h6 an, um Lg5 nebst Lxf6 und Sd5 zu verhindern.}
13. Bd2 {Zu zahm anstelle der positionelle fundierten Lc1-g5} Qc5 {?! Der
Turbostar hat keine glückliche Hand mit seiner Dame.} 14. Be1 Qe3 {? Hier hat
die Dame aber definitiv nichts verloren und wird nun auf einen passiven Platz
zurückgeworfen.} (14... Qb6 {zurück, wo sie herkam ist am besten}) 15. Bf2
Qf4 {? Unvermeidlich war der sofortige Rückzug nach h6. Nach dem Textzug
gerät Schwarz in eine verlorene Stellung.} 16. Bh4 {Die Gewinnvariante,
beginnend mit 16.Dd3, ist für das Novag Gerät zu tief bzw. zu lang, um
erkannt zu werden.} (16. Qd3 {+- gewinnt mit der Drohung des Damenfangs durch
Le3 Dg4, Sg1 Dh4, g3. Schwarz wäre gezwungen, Material zu opfern, um die
weissen Drohungen abzuwenden.} Ng4 17. Bg1 Qh6 18. Ne1 Qh4 19. Nd5 Bd8 20. h3
Nf6 21. Nf3 Qh6 22. Be3 Qh5 23. Nxf6+ Bxf6 24. Kh2 Bxf5 25. Nd2 Qh4 26. Rxf5)
16... Kh8 {? Rennt - würde man meinen - mit offenen Augen ins Verderben. Nur
mit 16...De3 liess sich das sofortige Verderben vermeiden. Offenbar sind 8
erzwungene Halbzüge für den Turbostar 432 KSO zu viel des Guten.} 17. Bg5 Qg4
18. Bxf6 gxf6 19. Nxe5 Qg5 20. Nxd7 {+- Nach nur 20 Zügen besitzt Weiss ein
materielles Übergewicht von Leichtfigur + Bauern.} Rg8 21. Bf3 Ne5 22. Nd5 Bd8
23. Nxe5 fxe5 24. g4 Qh4 25. Qe1 Qh6 26. a4 Bh4 27. Qe2 bxa4 28. c3 a5 29. Rxa4
Rgb8 30. Rfa1 Rb3 31. Nb4 Rb8 32. Rxa5 Qf4 33. Ra8 Rxa8 34. Rxa8+ Kg7 35. Nd3
Qg5 36. Ra7 Kf8 37. Rd7 Qf6 38. Nb4 Ke8 39. Rb7 Kf8 40. Rb8+ Kg7 41. Qc2 {
Erobert noch zusätzlich die Qualität.} Rxb4 42. cxb4 Qg5 43. Qc8 Qe3 44. Qf8+
{Anzeige Matt in 3} Kf6 45. g5+ Bxg5 46. Qh8+ Ke7 47. Rb7# 1-0

[Event "SuperConstellation_Turbostar432KSO"]
[Site "?"]
[Date "2019.05.14"]
[Round "14"]
[White "Turbostar 432 KSO"]
[Black "Super Constellation"]
[Result "0-1"]
[WhiteElo "1807"]
[BlackElo "1819"]
[Annotator "Utzinger,K"]
[PlyCount "80"]
[EventDate "2019.??.??"]

1. Nf3 Nf6 {Match 120'/40 | 14. Partie | Schwarz gewinnt | ECO A47:
Damenindisch (ohne c2-c4) |Zwischenstand: 8,5-5,5 (+6 -3 =5) für den Super
Constellation | Trotz des Umstandes, dass der Turbostar 432 KSO mit seinem ins
Abseits manövrierten Springer den Vorteil dem Gegner überlassen muss,
gelingt es dem Super Constelllation nicht, daraus mehr zu machen. Erst ein
taktischer Fehler des Kaplan-Programms, wohl zu tief versteckt, eröffnet dem
Schwarzen einen Angriff gegen den weissen König, was schliesslich zu
Damenverlust für den Turbostar 432 KSO führt. Bestimmt hat der Super
Constellation nicht alles berechnen können, aber seine PSH Algorithmen haben
offenbar einmal mehr gegriffen.} 2. d4 {***ENDE BUCH***} b6 3. e3 Bb7 4. Bd3 c5
{***ENDE BUCH***} 5. dxc5 {? Kein starker Spieler würde diesen Abtausch
wählen und so das Feld d4 dem Gegner überlassen.} bxc5 6. Nc3 d5 7. O-O Nc6
8. e4 d4 {?! Sieht gut aus, aber 8...e6 verdiente den Vorzug.} 9. Na4 {? Der
Turbostar 432 KSO hat oftmals die Tendenz, seine Figuren auf ungünstige
Felder zu stellen, wie hier den Springer an den Rand, nur um einen Bauern
anzugreifen, der dann durch einen normalen Entwicklungszug gedeckt werden kann.
} (9. e5 {!} dxc3 10. exf6 exf6 (10... cxb2 {? leichtsinnig} 11. Bxb2 gxf6 12.
Qe2 e6 13. Rab1 Rb8 14. Ng5 Nd4 15. Bxd4 cxd4 16. Nxe6 fxe6 17. Qxe6+ Be7 (
17... Qe7 18. Qf5 {+-}) 18. Rfe1 Kf8 19. Bc4 Qe8 20. Ba6 Qf7 21. Qh3 Rg8 22.
Bxb7 Rg5 23. Be4 Rgb5 24. Rxb5 Rxb5 25. Bxh7 {+-}) 11. Nh4 c4 12. Bxc4 Qxd1 13.
Rxd1 Bc5 14. Re1+ Ne5 15. Bb5+ Kf8 16. bxc3 Ng4 17. Re2 Rd8 18. Nf3 g6 {
+= Weiss steht etwas besser}) 9... e5 10. Bg5 {?! Bei einem Menschen würde
man sagen, das hätte sich Weiss nicht gut überlegt, denn nach der folgenden
Antwort muss der Läufer wieder zurück oder tauschen.} h6 11. Bxf6 {Es hätte
mich gewundert, wenn das Programm von Julio Kaplan diesen Tausch nicht
getätigt hätte.} Qxf6 12. c3 Be7 13. Qb3 Rb8 14. Qc4 Qd6 15. Rac1 O-O 16.
Rfd1 (16. Qd5 Rfc8 17. Qxd6 Bxd6 {=+}) 16... Rfd8 {=+ Schwarz steht leicht
besser dank seines Raumvorteils.} 17. b3 (17. cxd4 Nxd4 18. Nxd4 cxd4 {=+ mit
leichtem schwarzem Vorteil}) 17... Rd7 18. Bc2 Rdd8 19. Bd3 Bf8 20. h3 Be7 21.
Rd2 Bc8 22. cxd4 Nxd4 23. Nxd4 cxd4 24. Rdd1 Qg6 25. Kf1 Ba3 26. Rc2 Bb7 27.
Nc5 Bxc5 28. Qxc5 Bxe4 29. Bxe4 Qxe4 30. Re2 Qf4 31. Rxe5 {? Ein taktischer
Missgriff, der den Partieverlust zur Folge hat.} (31. Qxe5 Qxe5 32. Rxe5 {
= Ausgleich}) 31... Rbc8 {Der Super Constellation bedankt sich mit der
richtigen Antwort. Gegen die tödliche Angriff ...Dh2 gibt es keine Rettung
mehr für Weiss.} 32. Rf5 (32. Qe7 {Die noch beste Verteidigung} Qh2 33. Rc5
Rb8 34. Rc7 Rf8 35. Qc5 Rfe8 36. Re7 Rbd8 37. Rde1 Qh1+ 38. Ke2 Qxg2 {-+
schwarze Gewinnstellung}) 32... Qh2 33. Qe7 (33. Rxd4 Re8 {-+}) 33... Qh1+ 34.
Ke2 d3+ 35. Kd2 (35. Rxd3 Rc2+ 36. Ke3 Qe1+ 37. Kf4 Rxf2+ 38. Kg4 Rxg2+ 39. Kf4
Qxe7 {-+}) 35... Rc2+ 36. Ke3 Re2+ 37. Kf3 Rxe7 {und die weisse Dame ist futsch
} 38. Rxh1 d2 39. Rd1 Re1 40. Rxd2 Rxd2 0-1